| 000 | 00962aam a2200385 4500 | ||
|---|---|---|---|
| 005 | 20251107173616.0 | ||
| 008 | 150406b2002 xxu||||| |||| 00| 0 spa d | ||
| 020 | _a9701039041 | ||
| 041 | _aESP | ||
| 082 | _a510 G983i | ||
| 100 |
_aGutiérrez Banegas, Ana Laura _922602 |
||
| 100 |
_aWisniewski, Piotr Marian _982965 |
||
| 245 | _aIntroducción a las matemáticas universitarias | ||
| 260 | _aMéxico | ||
| 260 | _bMcGraw-Hill | ||
| 260 | _c2002 | ||
| 300 | _a696 páginas | ||
| 490 | _aTemática General | ||
| 650 | _aMATEMÁTICAS | ||
| 650 | _aTEORÍA DE CONJUNTOS | ||
| 650 | _aNÚMEROS REALES | ||
| 650 | _aPOLINOMIOS | ||
| 650 | _aTRIGONOMETRÍA | ||
| 650 | _aGEOMETRÍA ANÁLITICA | ||
| 650 | _aCALCULO INTEGRAL | ||
| 650 | _aCALCULO DIFERENCIAL | ||
| 650 | _aPROBABILIDAD | ||
| 650 | _aGEOMETRÍA PLANA | ||
| 942 |
_cBK _2ddc |
||
| 999 |
_c1066 _d1066 |
||